Textbook of fungi and their allies (Record no. 32427)

MARC details
000 -LEADER
fixed length control field 00479nam a2200181Ia 4500
008 - FIXED-LENGTH DATA ELEMENTS--GENERAL INFORMATION
fixed length control field 230917s9999||||xx |||||||||||||| ||und||
020 ## - ISBN
Price RS695
040 ## - CATALOGING SOURCE
-- 257276
Original cataloging agency VIVEKANANDA LIBRARY
041 ## - Language
-- English
082 ## - DDC NUMBER
Classification number 589.2 S75T(2)
100 ## - MAIN ENTRY--PERSONAL NAME
Personal name Sethi, Inderjeet Kaur
245 #0 - TITLE STATEMENT
Title Textbook of fungi and their allies
250 ## - EDITION STATEMENT
Edition statement 2nd ed.
260 ## - PUBLICATION, DISTRIBUTION, ETC. (IMPRINT)
Place of publication, distribution, etc New Delhi
Name of publisher, distributor, etc Medtech
Date of publication, distribution, etc 2018
300 ## - PHYSICAL DESCRIPTION
Pages xx, 532 p.
500 ## - GENERAL NOTE
General note 3580 09/08/2019 HBD19/7925 10/08/2019 Main Budget
942 ## - ADDED ENTRY ELEMENTS (KOHA)
Koha item type Books
Holdings
Withdrawn status Lost status Damaged status Not for loan Location (home branch) Sublocation or collection (holding branch) Date acquired Koha issues (times borrowed) Koha full call number Accession No. Koha date last seen Koha item type
        VIVEKANANDA LIBRARY VIVEKANANDA LIBRARY 14/10/2019 2 589.2 S75T(2) 384679 14/11/2024 Books
© Designed and Maintained by Vivekananda Library, MDU Rohtak